Groundhog Day (The Holiday) - Statistics

General Stats
  • This quiz has been taken 162 times
    101 since last reset
  • The average score is 9 of 15
Answer Stats
Hint Answer % Correct
It is celebrated in two countries: United States
99%
It is celebrated in two countries: Canada
94%
to find out if the groundhog will see its shadow.
83%
in the state of Pennsylvania
80%
Groundhog Day takes place every year on February 2
79%
more of winter.
71%
where there is a groundhog named Phil.
65%
If it does see it, that means there will be 6 weeks
64%
by the German-speaking Pennsylvania {Dutch} cultural group.
58%
The most famous celebration is in the town of Punxsutawney
56%
Every year the townspeople gather at {Gobbler}'s Knob
42%
(Another word for groundhog is {woodchuck}.)
39%
Originally, in Europe, instead of a groundhog, the animal was a badger.
30%
Groundhog Day is derived from the Christian Holy Day of {Candle}mas.
29%
It has been celebrated there since 1887.
6%
No matching quizzes found
Score Distribution
Percent of People with Each Score
Percentile by Number Answered
Your Score History
You have not taken this quiz since the last reset